The story of Hamad the diver : told by his grandson

Αποθηκεύτηκε σε:
Λεπτομέρειες βιβλιογραφικής εγγραφής
Άλλοι συγγραφείς: Suart, Mervyn (Εικονογράφος)
Μορφή: Βιβλίο
Γλώσσα:English
Δημοσίευση: Harlow, England : Longman, 1967
Σειρά:Longman structural readers ; ; Stage 2
Θέματα:
Ετικέτες: Προσθήκη ετικέτας
Δεν υπάρχουν, Καταχωρήστε ετικέτα πρώτοι!

MARC

LEADER 00000nam a2200000 i 4500
001 1/50040
008 960401s1967 eng d
020 |a 0582537207 
035 |l 10026935 
040 |a GR-MY-UA  |b gre  |e aacr 
041 0 |a eng 
082 0 |a 428.64 
245 1 4 |a The story of Hamad the diver :  |b told by his grandson /  |c ill.: Mervyn Stuart 
260 |a Harlow, England :   |b Longman,   |c 1967 
300 |a 31 p. 
490 1 |a Longman structural readers  |v ; Stage 2 
650 0 0 |a English language  |x Readers. 
650 0 0 |a English language  |v Textbooks for foreign speakers. 
700 1 |a Suart, Mervyn.  |4 ill 
830 0 |a Longman structural readers ;  |v ; Stage 2 
852 |a INST  |b CHIOS  |e 19960401  |h 428.64 STO  |p 005200004845  |q 005200004845  |t BK  |y 0 
909 |a Χ  |b 004791